| 000 | 01566nam0a2200325 4500 | ||
|---|---|---|---|
| 001 | RU\NLR\bibl\1664952 | ||
| 005 | 20260406050917.0 | ||
| 010 |
_a978-5-98842-120-7 _91000 |
||
| 021 |
_aRU _b2010-48411 _93218 |
||
| 035 | _a(NLR Aleph) 001656228 | ||
| 090 |
_a952961 _c952961 |
||
| 100 | _a20100817d2010 |||y0rusy50 ca | ||
| 101 | 0 | _arus | |
| 102 | _aRU | ||
| 105 | _aa ||||||||| | ||
| 200 | 1 |
_aМотоциклы Днепр, Урал _eК-750; К-650; МТ9; МТ10; МТ10-36; Днепр-11; Днепр-12; Днепр-16; М-61; М-62; М-63; М-66; М-67; М67-36; М-72 _eпрактическое руководство _f[С. Афонин] |
|
| 210 |
_aБатайск _cСверчок Ъ _d2010 |
||
| 215 |
_a157, [3] с. _cил. _d29 |
||
| 225 | 1 | _aСерия Ремонт в дороге. Ремонт в гараже | |
| 300 | _aВ макете загл.: | ||
| 517 | 0 | _aМотоциклы Днепр, Урал. Все модификации. Ремонт в дороге. Ремонт в гараже | |
| 606 | 1 |
_a"Днепр", мотоциклы с коляской _jРуководства, пособия и т.п. _xРемонт _92226835 _3RU\NLR\auth\661336779 |
|
| 606 | 1 |
_a"Урал", мотоциклы с коляской _jРуководства, пособия и т.п. _xРемонт _92226837 _3RU\NLR\auth\661336780 |
|
| 686 | _aО361.7-083я7 | ||
| 702 | 1 |
_4220 _8rus _7ca _aАфонин _bС. В. _3RU\NLR\auth\776306 _9116260 |
|
| 801 | 0 |
_aRU _bNLR _c20100817 _gRCR |
|
| 801 | 1 |
_aRU _bNLR _c20100817 |
|
| 942 | _cBOOK | ||
| 980 | _aNB | ||